00890nam a22002057a 4500003000900000008004100009040007100050082001800121100002100139245005700160260002000217300001900237440002800256505025900284650002500543650002400568650003000592650003200622700003000654AR-CdUCM190313b ||||| |||| 00| 0 spa d aMUNICIPALIDAD PROVINCIAL DEL CUSCOcBIBLIOTECA MUNICIPAL DEL CUSCO a986.2 /bV433 aVelasco, Juan de aLa Historia Moderna :bHistoria del reino de Quito / aQuito :bAriel, a4 t. ;c18 cm. aClásicos Arieln11,15 aContenido: t.1 Gobierno antiguo de Popayan y sus divisiones -- Gobierno del Quito Propio y su I corregimiento de Ibarra. t.2: V Corregimiento de Riobamba -- Algunos sucesos de notables, relativos a la villa de Riobamba -- Tenencias de Ambato y Mocha ... aLa Historia Moderna  aInicios de Ecuador  aCorregimientos de Ecuador aHistoria del Reino de Quito aGonzales Suarez, Federico